Strategic cost analysis for project managers and engineers

Bibliographic Details
Main Author: Creese, Robert C
Other Authors: Adithan, M
Format: Book
Language:English
Published: New Delhi : New Age International , 2010
Subjects:

MARC

LEADER 00000cam a2200000 7i4500
001 0000023795
005 20111104.0
008 111104s ii a eng
020 |a 9788122428377 ,   |c RM467.00 
040 |a INS 
090 0 0 |a HF5686.C8   |b C74 2010 
100 1 |a Creese, Robert C 
245 1 0 |a Strategic cost analysis for project managers and engineers   |c Robert C.Creese, M.Adithan 
260 |a New Delhi :   |b New Age International ,   |c 2010 
300 |a xi,134p. :   |b ill. ;   |c 25cm. 
500 |a Includes index 
650 0 |a Cost accounting 
650 0 |a Manegerial accounting 
700 1 |a Adithan, M 
999 |a 1000000358   |b BOOK   |c Open Shelf   |e Default branch